| 000 | 00616 a2200265 4500 | ||
|---|---|---|---|
| 260 | _aParis | ||
| 100 | _aDERCOURT, Jean | ||
| 700 | 1 | _aPAQUET, Jacques | |
| 260 | _bDunod | ||
| 245 | _aGéologie : objets et méthodes : cours et exercices résolus | ||
| 300 | _ax-457 p. | ||
| 650 | _aTerre | ||
| 650 | _aOcéans | ||
| 650 | _aGéologie | ||
| 650 | _aScience de la terre | ||
| 650 | _aUnivers | ||
| 260 | _c1999 | ||
| 300 | _bcouv. ill. en coul., ill. ; 27 cm. | ||
| 130 | _lFR | ||
| 440 | _aSciences Sup | ||
| 250 | _a10e refondue | ||
| 020 | _a2-10-004370-6 | ||
| 999 |
_c29463 _d29463 |
||